000
00298nam a22001217a 4500
008
180111b xxu||||| |||| 00| 0 eng d
041
_a
eng
080
_a
612.39
100
_a
10
101
_a
NUT
245
_a
Plant and animal products in the U.S. food system
_c
Washington,D.C
942
_2
udc
_c
BK
999
_c
40139
_d
40139